LIBRARY & INFORMATION CENTRE, KCAET, TAVANUR

ONLINE PUBLIC ACCESS CATALOGUE (OPAC)

Chromosathara paramparyam / (Record no. 6184)

MARC details
000 -LEADER
fixed length control field 00515cam a2200205ua 4500
041 ## - LANGUAGE CODE
Language code of text/sound track or separate title asm
082 ## - DEWEY DECIMAL CLASSIFICATION NUMBER
Classification number 575.1
Item number JIN/CH
100 ## - MAIN ENTRY--AUTHOR NAME
Personal name Jinks, John L.
245 ## - TITLE STATEMENT
Title Chromosathara paramparyam /
260 ## - PUBLICATION, DISTRIBUTION, ETC. (IMPRINT)
Place of publication Thiruvananthapuram :
Name of publisher State Instititute of Languages ,
Year of publication 1975.
300 ## - PHYSICAL DESCRIPTION
Number of Pages 266 ; .
942 ## - ADDED ENTRY ELEMENTS (KOHA)
Koha item type Books
Holdings
Withdrawn status Lost status Damaged status Home library Current library Date acquired Full call number Accession Number Koha item type
Withdrawn   Damaged KAUAET KAUAET 07/04/2012 575.1 13526 Books
      KAUAET KAUAET 07/04/2012 575.1 13527 Books
Withdrawn   Damaged KAUAET KAUAET 07/04/2012 575.1 13528 Books
      KAUAET KAUAET 07/04/2012 575.1 13525 Books
free website counter